Catálogo
 En Linea

Fix-It and Forget- It Diabetic Cookbook. : (Registro nro. 42550)

Detalles MARC
000 -CABECERA
campo de control de longitud fija 00631nam a2200169 a 4500
001 - NÚMERO DE CONTROL
campo de control 000043061
005 - FECHA Y HORA DE LA ÚLTIMA TRANSACCIÓN
campo de control 20201002040616.0
008 - DATOS DE LONGITUD FIJA--INFORMACIÓN GENERAL
campo de control de longitud fija 140218s2005 xxua 001 0 spa d
020 ## - NÚMERO INTERNACIONAL ESTÁNDAR DEL LIBRO
Número Internacional Estándar del Libro 156148458X
040 ## - FUENTE DE LA CATALOGACIÓN
Centro catalogador/agencia de origen DO-SdBNP
Lengua de catalogación spa
Centro/agencia transcriptor BNPHU
100 1# - ENTRADA PRINCIPAL--NOMBRE DE PERSONA
Nombre de persona Good, Phyllis Pellman
9 (RLIN) 70585
245 10 - MENCIÓN DE TÍTULO
Título Fix-It and Forget- It Diabetic Cookbook. :
Resto del título slow cooker favorites - to include everyone! /
Mención de responsabilidad, etc. Phyllis Pellman Good, with american Diabetes Association.
260 ## - PUBLICACIÓN, DISTRIBUCIÓN, ETC.
Lugar de publicación, distribución, etc. Intercourse, Pennsylvania, EE.UU. :
Nombre del editor, distribuidor, etc. Good Books,
Fecha de publicación, distribución, etc. 2005.
300 ## - DESCRIPCIÓN FÍSICA
Extensión 284 p. :
Otras características físicas il. ;
Dimensiones 24 cm.
500 ## - NOTA GENERAL
Nota general Incluye índice
710 2# - PUNTO DE ACCESO ADICIONAL--NOMBRE DE ENTIDAD CORPORATIVA
Nombre de entidad corporativa o nombre de jurisdicción como elemento de entrada American Diabetes Association
9 (RLIN) 70586
Existencias
Estado de retiro Estado de pérdida Restricciones de uso No para préstamo Código de colección Localización permanente Ubicación/localización actual Ubicación en estantería Fecha de adquisición Número de inventario Total de préstamos Signatura topográfica completa Código de barras Fecha visto por última vez Precio válido a partir de Tipo de ítem Koha
      Excluido de préstamo Monografías: Libros y Folletos General General En catalogación 18.02.2014 LF1   43061-10 25.06.2020 25.06.2020 No se presta

Con tecnología Koha